[Event "Barranquilla op 12"]
[Site "Barranquilla"]
[Date "2011.12.28"]
[Round "2"]
[White "Roa, Hugo Miguel"]
[Black "Esquivia Cuadrado, Andres"]
[Result "1-0"]
[WhiteElo "1600"]
[BlackElo "1734"]
[PlyCount "60"]
[EventDate "2011.12.28"]
[EventType "swiss"]
[EventRounds "7"]
[EventCountry "COL"]
[SourceTitle "CBM 146 Extra"]
[Source "ChessBase"]
[SourceDate "2012.02.29"]
[SourceVersion "1"]
[SourceVersionDate "2012.02.29"]
[SourceQuality "1"]

1. d4 e6 2. e3 f5 3. g3 Nf6 4. Nf3 Be7 5. Bg2 d6 6. c4 0-0 7. 0-0 Ne4 8. Nbd2 Nd7 9. Qc2 Ng5 10. b4 Qe8 11. Bb2 Qh5 12. Nxg5 Bxg5 13. Qd1 Qh6 14. f4 Bf6 15. c5 d5 16. Nf3 c6 17. a4 Be7 18. b5 Rb8 19. Rb1 Bd8 20. Bc3 Bc7 21. bxc6 bxc6 22. Rxb8 Bxb8 23. Qe2 Nf6 24. Rb1 Bd7 25. Rb7 Rd8 26. Qb2 Bxf4 27. exf4 Be8 28. Rb8 Rd7 29. Ne5 Rc7 30. Ba5 Re7 1-0